Bluey - Statistics

General Stats
  • This quiz has been taken 392 times
    386 since last reset
  • The average score is 15 of 24
Answer Stats
Hint Answer % Correct
Bluey
100%
Bingo
99%
Bandit
95%
Chilli
94%
Muffin
84%
Socks
80%
Next-Door Neighbours Lucky
76%
Stripe
76%
Rad
70%
Trixie
69%
Poodles Coco
66%
Next-Door Neighbours Judo
65%
Heeler Nana
64%
Pomeranian Pom Pom
63%
Dachshund Snickers
58%
Wendy
53%
Lucky's Dad
52%
Sheepdogs Mackenzie
50%
Frisky
46%
Beagle Honey
40%
Cousin from the bush Rusty
33%
Bella
15%
Rocko
4%
Shanelle
3%
No matching quizzes found
Score Distribution
Percent of People with Each Score
Percentile by Number Answered
Your Score History
You have not taken this quiz since the last reset